| 000 | 00586nam a22001697a 4500 | ||
|---|---|---|---|
| 003 | NUST | ||
| 038 | _aNusrat Nadeem | ||
| 082 | _a200 | ||
| 100 |
_aShafi, Uferah _9123748 |
||
| 245 |
_aAn Integrated Approach for Agricultural Monitoring based on Internet of Things (IoT), Remote Sensing and Deep Learning/ _cUferah Shafi |
||
| 264 |
_aIslamabad; _bSEECS NUST; _c2024. |
||
| 300 |
_a213,p; _bill; _c30,cm. |
||
| 650 |
_aPhD-Computer Science _9123747 |
||
| 700 |
_aSupervisor: Dr. Rafia Mumtaz _996700 |
||
| 856 | _uhttp://10.250.8.41:8080/xmlui/handle/123456789/44037 | ||
| 942 |
_2ddc _cSC |
||
| 999 |
_c609836 _d609836 |
||